THW ALL ENGLAND LAW REPORTS 2009 (Record no. 216278)

MARC details
000 -LEADER
fixed length control field 00513nam a22001457a 4500
008 - FIXED-LENGTH DATA ELEMENTS--GENERAL INFORMATION
fixed length control field 251125b |||||||| |||| 00| 0 eng d
020 ## - INTERNATIONAL STANDARD BOOK NUMBER
International Standard Book Number 978-81-8038-877-4
100 ## - MAIN ENTRY--PERSONAL NAME
Personal name WIDDICOMBE, KAREN
245 ## - TITLE STATEMENT
Title THW ALL ENGLAND LAW REPORTS 2009
260 ## - PUBLICATION, DISTRIBUTION, ETC.
Place of publication, distribution, etc. LONDON
Name of publisher, distributor, etc. LEXISNEXIS
Date of publication, distribution, etc. 2009
300 ## - PHYSICAL DESCRIPTION
Extent XX, 1144P.
650 ## - SUBJECT ADDED ENTRY
Topical term or geographic name entry element 1. LAW REPORTS, DIGESTS, ETC - ENGLAND AND WALES 2. LAW - ENGLAND AND WALES - CASES 3. COURTS - ENGLAND AND WALES 4. COMMON LAW - ENGLAND AND WALES
942 ## - ADDED ENTRY ELEMENTS (KOHA)
Source of classification or shelving scheme Library of Congress Classification
Koha item type Reference
Holdings
Withdrawn status Lost status Source of classification or shelving scheme Damaged status Not for loan Collection Home library Current library Shelving location Date acquired Inventory number Total checkouts Full call number Barcode Date last seen Copy number Price effective from Koha item type
    Library of Congress Classification     Law Kisii University Library Kisii University Library On Display 11/25/2025 110075   KD 288 .A45 2009 V.1 000000002843 11/25/2025 C.1 11/25/2025 Reference
    Library of Congress Classification     Law Kisii University Library Kisii University Library On Display 11/25/2025 110076   KD 288 .A45 2009 V.1 000000002844 11/25/2025 C.2 11/25/2025 Reference
    Library of Congress Classification     Law Kisii University Library Kisii University Library On Display 11/25/2025 110077   KD 288 .A45 2009 V.1 000000002845 11/25/2025 C.3 11/25/2025 Reference
    Library of Congress Classification     Law Kisii University Library Kisii University Library On Display 11/25/2025 110078   KD 288 .A45 2009 V.1 000000002846 11/25/2025 C.4 11/25/2025 Reference